Подробности
| 000 -МАРКЕР |
| контрольное поле |
01625nam0a2200325 4500 |
| 001 - ИДЕНТИФИКАТОР ЗАПИСИ |
| контрольное поле |
RU\NLR\BIBL_A\022470993 |
| 005 - ИДЕНТИФИКАТОР ВЕРСИИ |
| контрольное поле |
20260406105245.0 |
| 010 ## - МЕЖДУНАРОДНЫЙ СТАНДАРТНЫЙ НОМЕР КНИГИ (ISBN) |
| Номер (ISBN) |
978-5-88503-331-2 |
| Тираж |
1600 |
| 035 ## - ДРУГИЕ СИСТЕМНЫЕ НОМЕРА |
| Идентификатор записи |
(NLR Aleph) 022470993 |
| 100 ## - ДАННЫЕ ОБЩЕЙ ОБРАБОТКИ |
| Данные общей обработки |
20250226d2025 |||y0rusy50 ca |
| 101 0# - ЯЗЫК РЕСУРСА |
| Язык текста, звукозаписи и т.д. |
русский |
| 102 ## - СТРАНА ПУБЛИКАЦИИ ИЛИ ПРОИЗВОДСТВА |
| Страна публикации |
российская федерация |
| 105 ## - ПОЛЕ КОДИРОВАННЫХ ДАННЫХ: ТЕКСТОВЫЕ МАТЕРИАЛЫ, МОНОГРАФИЧЕСКИЕ |
| Кодированные данные о монографическом текстовом документе |
a z 000zy |
| 200 1# - ЗАГЛАВИЕ И СВЕДЕНИЯ ОБ ОТВЕТСТВЕННОСТИ |
| Основное заглавие |
Пути избавления от болезней |
| Сведения, относящиеся к заглавию |
гипертония, диабет… |
| Первые сведения об ответственности |
И. П. Неумывакин |
| 210 ## - ПУБЛИКАЦИЯ, РАСПРОСТРАНЕНИЕ И ДР. |
| Место издания, распространения и т.д. |
Москва |
| -- |
Санкт-Петербург |
| Имя издателя, распространителя и т. д. |
ДИЛЯ |
| Дата издания, распространения и т.д. |
2025 (печ. 2024) |
| 215 ## - ФИЗИЧЕСКАЯ ХАРАКТЕРИСТИКА |
| Специфическое обозначение материала и объем |
254, [1] с. |
| Другие сведения о физической характеристике |
ил., портр. |
| Размеры |
24 |
| 300 ## - ОБЩИЕ ПРИМЕЧАНИЯ |
| Текст примечания |
На 4-й с. обл. авт.: Неумывакин И. П., д-р мед. наук, проф. Действ. чл. Рос. и Европ. акад. естеств. наук, Междунар. акад. милосердия, Засл. изобретатель России, лауреат Гос. премии |
| 333 ## - ПРИМЕЧАНИЯ ОБ ОСОБЕННОСТЯХ РАСПРОСТРАНЕНИЯ И ИСПОЛЬЗОВАНИЯ |
| Текст примечания |
16+ |
| 606 1# - НАИМЕНОВАНИЕ ТЕМЫ КАК ПРЕДМЕТ |
| Наименование темы |
Терапия нетрадиционная |
| Системный номер авторитетной/нормативной записи |
2050901 |
| Идентификатор авторитетной/нормативной записи |
RU\NLR\AUTH\66946143 |
| 606 1# - НАИМЕНОВАНИЕ ТЕМЫ КАК ПРЕДМЕТ |
| Наименование темы |
Сахарный диабет |
| Тематический подзаголовок |
Терапия нетрадиционная |
| Системный номер авторитетной/нормативной записи |
2358373 |
| Идентификатор авторитетной/нормативной записи |
RU\NLR\AUTH\661408503 |
| 606 1# - НАИМЕНОВАНИЕ ТЕМЫ КАК ПРЕДМЕТ |
| Наименование темы |
Гипертоническая болезнь |
| Тематический подзаголовок |
Терапия нетрадиционная |
| Системный номер авторитетной/нормативной записи |
2601164 |
| Идентификатор авторитетной/нормативной записи |
RU\NLR\AUTH\661537722 |
| 686 1# - ИНДЕКСЫ ДРУГИХ КЛАССИФИКАЦИЙ |
| Индекс |
Р358.9 |
| 686 1# - ИНДЕКСЫ ДРУГИХ КЛАССИФИКАЦИЙ |
| Индекс |
Р415.160.23-5 |
| 686 1# - ИНДЕКСЫ ДРУГИХ КЛАССИФИКАЦИЙ |
| Индекс |
Р410.030-5 |
| 700 #1 - ИМЯ ЛИЦА - ПЕРВИЧНАЯ ОТВЕТСТВЕННОСТЬ |
| Материалы, к которым относится поле |
rus |
| Графика поля |
Кириллица |
| Начальный элемент ввода |
Неумывакин |
| Часть имени, кроме начального элемента ввода |
И. П. |
| Даты |
1928-2018 |
| Расширение инициалов личного имени |
Иван Павлович |
| Идентификатор авторитетной/нормативной записи |
RU\NLR\AUTH\77100497 |
| Системный номер авторитетной/нормативной записи |
83423 |
| 942 ## - ДОПОЛНИТЕЛЬНЫЕ ЭЛЕМЕНТЫ ЗАПИСИ (АБИС) |
| Тип экземпляра АБИС |
Книга |
| 980 ## - КОЛЛЕКЦИЯ |
| Название коллекции |
Национальная библиография |